[Event "GRE-chT 46th"]
[Site "Rio Achaia"]
[Date "2018.07.13"]
[Round "5.6"]
[White "Ximinis, Ioannis"]
[Black "Spyratos, Nikolaos"]
[Result "1/2-1/2"]
[WhiteElo "1268"]
[BlackElo "1710"]
[PlyCount "115"]
[EventDate "2018.07.10"]
[EventType "team"]
[EventRounds "7"]
[EventCountry "GRE"]
[SourceTitle "CBM 185 Extra"]
[Source "ChessBase"]
[SourceDate "2018.07.29"]
[SourceVersion "1"]
[SourceVersionDate "2018.07.29"]
[SourceQuality "1"]
[WhiteTeam "My Mountains"]
[BlackTeam "Panionios GA"]
[WhiteTeamCountry "GRE"]
[BlackTeamCountry "GRE"]

1. d4 d5 2. Bf4 c5 3. c3 Nf6 4. e3 Qb6 5. Qc2 Nc6 6. Nf3 Bf5 7. dxc5 Bxc2 8. cxb6 axb6 9. Na3 Bg6 10. Nb5 Rc8 11. h3 e6 12. Be2 Be7 13. Nc7+ Kd7 14. Nb5 Ne4 15. 0-0 Nd6 16. Ne5+ Nxe5 17. Bxe5 f6 18. Nxd6 Bxd6 19. Bb5+ Ke7 20. Bxd6+ Kxd6 21. Rfd1 Ke7 22. Rac1 Be8 23. Be2 b5 24. Bf3 Ra8 25. a3 Bc6 26. Re1 Ra4 27. Bd1 Raa8 28. Bf3 Rhd8 29. Rcd1 Ra4 30. Rd2 Raa8 31. Bd1 Rac8 32. Rd4 Ra8 33. Bc2 e5 34. Rd2 g6 35. Bb3 Rd7 36. f4 e4 37. g4 Rf8 38. Kh2 Rfd8 39. Kg3 Rf8 40. Red1 Rfd8 41. h4 Rd6 42. Rh2 Be8 43. Rf1 Bf7 44. g5 f5 45. Bd1 h5 46. gxh6 Rh8 47. Rfh1 Rxh6 48. h5 Kf8 49. Be2 Be8 50. Kf2 Kg7 51. hxg6 Rxh2+ 52. Rxh2 Rxg6 53. Rg2 Rxg2+ 54. Kxg2 Kh6 55. Kg3 Kg6 56. Kg2 Kh6 57. Kg3 Kg6 58. Kg2 1/2-1/2